| 000 | 00346nam a2200145Ia 4500 | ||
|---|---|---|---|
| 100 | _aFederal Aviation Administration | ||
| 942 | _cBK | ||
| 654 | _aHandbook | ||
| 245 | _aA & P.M.- Airframe Handbook | ||
| 260 |
_bSuperintendent of Documents _aWashington _c1972 |
||
| 082 |
_a629.1 _bF.A.A |
||
| 300 | _a538 | ||
| 546 | _aENGLISH | ||
| 999 |
_c21015 _d21015 |
||